| 000 | 00354nam a2200133Ia 4500 | ||
|---|---|---|---|
| 008 | 210430s9999 xx 000 0 und d | ||
| 020 | _a9971-51-372-2 | ||
| 082 | _a620.112 R 149 M | ||
| 100 |
_aWilliam F.Riley _940621 |
||
| 245 |
_aMechanics of Materials 5th _cWilliam F.Riley |
||
| 260 |
_aNew york _bWiley _c2004 |
||
| 300 | _a708p | ||
| 942 |
_cBK _2ddc |
||
| 999 |
_c564688 _d564688 |
||